书目信息 |
| 题名: |
章太炎讲国学
|
|
| 作者: | 章太炎 著 ;张昭军 编 | |
| 分册: | ||
| 出版信息: | 北京 东方出版社 2007.10 |
|
| 页数: | 372页 | |
| 开本: | 24cm | |
| 丛书名: | “方家讲坛”系列丛书 | |
| 单 册: | ||
| 中图分类: | Z126 | |
| 科图分类: | ||
| 主题词: | 国学--guo xue--中国 | |
| 电子资源: | ||
| ISBN: | 978-7-5060-2755-7 | |
| 000 | 00923nam 2200265 450 | |
| 001 | 012007949907 | |
| 005 | 20071226112345.76 | |
| 010 | @a978-7-5060-2755-7@dCNY49.00 | |
| 100 | @a20071226d2007 km y0chiy0120 ea | |
| 101 | 0 | @achi |
| 102 | @aCN@b110000 | |
| 105 | @ay z 000yy | |
| 106 | @ar | |
| 200 | 1 | @a章太炎讲国学@Azhang tai yan jiang guo xue@f章太炎著@Fzhang tai yan zhu@g张昭军编@Gzhang zhao jun bian |
| 210 | @a北京@c东方出版社@d2007.10 | |
| 215 | @a372页@d24cm | |
| 225 | 0 | @a“方家讲坛”系列丛书@A“fang jia jiang tan”xi lie cong shu |
| 330 | @a本书内容包括:第一编国学讲习会略说,第二编国学概论,第三编章氏星期讲演会记录,第四编章氏国学讲习会讲演记录。 | |
| 410 | 0 | @12001 @a方家讲坛系列丛书 |
| 606 | 0 | @a国学@Aguo xue@y中国 |
| 690 | @aZ126@v4 | |
| 701 | 0 | @a章太炎@Azhang tai yan@4著 |
| 702 | 0 | @a张昭军@Azhang zhao jun@4编 |
| 801 | 0 | @aCN@bQSSK@c20071226 |
| 905 | @b271629-31@dZ126@eZ268@f3 | |
| 章太炎讲国学/章太炎著/张昭军编.-北京:东方出版社,2007.10 |
| 372页;24cm.-(“方家讲坛”系列丛书) |
| ISBN 978-7-5060-2755-7:CNY49.00 |
| 本书内容包括:第一编国学讲习会略说,第二编国学概论,第三编章氏星期讲演会记录,第四编章氏国学讲习会讲演记录。 |
| ● |
| 相关链接 |
|
|
|
正题名:章太炎讲国学
索取号:Z126/Z268
 
预约/预借
| 序号 | 登录号 | 条形码 | 馆藏地/架位号 | 状态 | 备注 |
| 1 | 271629 | 202716294 | 自科二线400A/400A自科库 27排1列5层/ [索取号:Z126/Z268] | 在馆 | |
| 2 | 271630 | 202716301 | 自科二线400A/400A自科库 27排1列5层/ [索取号:Z126/Z268] | 在馆 | |
| 3 | 271631 | 202716310 | 自科库501/501自科库 124排1列1层/ [索取号:Z126/Z268] | 在馆 |